Statistics for Every Current Tottenham Hotspur Player

Click here to take the quiz!

General Stats

  • This quiz has been taken 18 times
  • The average score is 22 of 33

Answer Stats

HintAnswer% Correct
#33Wales/DefenderBen Davies
100%
#6Colombia/DefenderDavinson Sanchez
100%
#10England/ForwardHarry Kane
100%
#1France/GoalkeeperHugo Lloris
100%
#7South Korea/ForwardSon Heung-Min
100%
#11Argentina/MidfielderErik Lamela
94%
#9Wales/ForwardGareth Bale
94%
#2Ireland/DefenderMatt Doherty
94%
#24Ivory coast/DefenderSerge Aurier
94%
#28France/MidfielderTanguy Ndombele
94%
#20England/MidfielderDele Alli
88%
#8England/MidfielderHarry Winks
88%
#27Brazil/ForwardLucas Moura
88%
#17France/MidfielderMoussa Sissoko
88%
#4Belgium/DefenderToby Alderweireld
88%
#23Netherlands/ForwardSteven Bergwijn
81%
#18Argentina/MidfielderGiovani Lo Celso
75%
#45Brazil/ForwardCarlos Vinicius
69%
#12England/GoalkeeperJoe Hart
69%
ManagerJose Mourinho
69%
#5Denmark/MidfielderPierre-Emile Hojbjerg
69%
#3Spain/DefenderSergio Reguilon
69%
#15England/MidfielderEric Dier
63%
#25England/DefenderJaphet Tanganga
56%
#14Wales/DefenderJoe Rodon
56%
#53England/ForwardDane Scarlett
31%
#41England/GoalkeeperAlfie Whiteman
25%
#54England/MidfielderAlfie Devine
19%
#49England/DefenderDennis Cirkin
6%
#57England/MidfielderNile John
6%
#56England/ForwardDilan Markanday
0%
#44Ireland/MidfielderJamie Bowden
0%
#55Portugal DefenderMarcel Lavinier
0%

Score Distribution

Percentile by Number Answered

Percent of People with Each Score

Your Score History

You have not taken this quiz